|
|
|
|
| LEADER |
00000cam a2200000 a 4500 |
| 001 |
vtls008317478 |
| 003 |
SK-MaSNL |
| 005 |
20260301182950.0 |
| 008 |
230403s1958 xo a crp 000 0 slo |
| 015 |
|
|
|a SNBA1958/05-00714
|
| 020 |
|
|
|q (viazané)
|
| 035 |
|
|
|a SK01SNK19580009695
|
| 035 |
|
|
|a urn:nbn:sk:snk-am3ig2j
|
| 035 |
|
|
|a urn:nbn:sk:snk-am00e8y1
|
| 035 |
|
|
|a 5CDD07FD-5592-4B66-95EE-AC89D9C51976
|
| 035 |
|
|
|a SKM000012158
|
| 040 |
|
|
|a SNK
|b slo
|c SNK
|e AACR2
|
| 041 |
0 |
|
|a slo
|
| 044 |
|
|
|a xo
|c SK
|
| 080 |
|
|
|a 51
|2 2011
|
| 080 |
|
|
|a (075.2)
|2 2011
|
| 100 |
1 |
|
|a Pindroch, Šimon,
|d 1918-
|4 aut
|4 trl
|9 218780
|
| 245 |
1 |
0 |
|a Počtovnica
|b pre 5. postupný ročník všeobecnovzdelávacích škôl
|c Šimon Pindroch, Anna Rakušanová, Karel Tesař, Jan Vyšín ; českú časť textu preložil Šimon Pindroch
|
| 250 |
|
|
|a Štvrté vydanie
|
| 260 |
|
|
|a Bratislava
|b Slovenské pedagogické nakladateľstvo
|c 1958
|e Trnava
|f Polygrafické závody
|
| 300 |
|
|
|a 175 strán
|b ilustrácie
|c 21 cm
|
| 366 |
|
|
|e 54100 kusov
|
| 650 |
0 |
7 |
|a matematika
|2 SNKPH
|9 70174
|
| 655 |
|
7 |
|a učebnice základných škôl
|2 SNKPH
|9 70187
|
| 700 |
1 |
|
|a Rakušanová, Anna
|4 aut
|9 307687
|
| 700 |
1 |
|
|a Tesař, Karel,
|d 1905-1968
|4 aut
|9 116267
|
| 700 |
1 |
|
|a Vyšín, Jan,
|d 1908-1983
|4 aut
|9 200784
|
| 852 |
|
|
|a Slovenská národná knižnica
|
| 954 |
|
|
|a odborná, vedecká literatúra pôvodná (slovenská)
|2 lita
|
| 954 |
|
|
|a odborná, vedecká literatúra cudzojazyčná (svetová)
|2 lita
|
| 958 |
|
|
|a OND
|
| 958 |
|
|
|a EUIPO
|
| 958 |
|
|
|a UX
|
| 958 |
|
|
|a CZ
|
| 958 |
|
|
|a OP
|
| 958 |
|
|
|a RK
|
| 999 |
|
|
|c 855367
|d 857297
|
| 952 |
|
|
|a SNK
|b SNK
|y PREZ
|7 0
|p 17A0837621
|o snkSC 11556
|i snkKSP 1577/58
|0 0
|1 0
|4 0
|d 2019-11-14
|f 1
|l 0
|r 2025-07-11 00:00:00
|w 2026-02-24
|